000 00572nam a2200193Ia 4500
005 20250508164842.0
008 008 250505s9999 xx 000 0 eng d
037 _aDissertations
040 _aFEDL
_beng
_cFEDL
041 _aeng
_2eng
084 _a530.07, CHI/DI
_qFEDL
100 _aChikara Umesh Kumar
_9779308
245 0 _aRole of computers in a physics classroom : An exploratory study
260 _c2008
300 _a125p.
546 _aM.Ed dissertation, (Delhi University)
942 _cDIS
_h530.07, CHI/DI
999 _c1391586
_d1391586